Multiple-Choice-Stadtquiz Frankfurt am Main - Statistiken

Allgemein
  • Dieses Quiz wurde 2.885 mal gespielt
    2.867 seit der letzten Aktualisierung
  • Das Durchschnittsergebnis liegt bei 7 aus 10
Antwortstatistiken
Frage Antwort % Korrekt
In welchem Bundesland liegt Frankfurt? Hessen
97%
Welches internationale Finanzinstitut hat seinen Sitz in Frankfurt? Europäische Zentralbank
92%
Wähle das Stadtwappen Frankfurts aus.
86%
Auf welchem dieser Hochhäuser gibt es eine Besucherterrasse? Maintower
79%
Welcher Wolkenkratzer ist der höchste Deutschlands? Commerzbank Tower
77%
Richtig oder Falsch? Frankfurt ist eine Stadt mit über eine Million Einwohnern. Falsch
72%
Welche weltweit größte Messe findet jedes Jahr im Herbst auf dem Frankfurter Messegelände statt? Buchmesse
67%
Wieso wird Frankfurt auch „Mainhattan“ genannt? Einzige Stadt Deutschlands, die den Bau von Hochhäusern im Stadtzentrum erlaubt
63%
Welche Bedeutung hat die Paulskirche in der deutschen Geschichte? Tagungsort der Nationalversammlung 1848
63%
Frankfurt ist die Geburtsstadt welchen berühmten deutschen Dichters? Johann Wolfgang von Goethe
52%
Keine übereinstimmenden Quizze gefunden
Verteilung der Resultate
Anzahl Personen mit jedem Resultat
Perzentil nach korrekt beantworteten Fragen
Ihre Resultats-Entwicklung
Sie haben dieses Quiz seit der letzten Aktualisierung nicht gespielt